Lo Zingarelli minore vocabolario della lingua italiana
Gespeichert in:
| 1. Verfasser: | |
|---|---|
| Format: | Buch |
| Sprache: | Undetermined |
| Veröffentlicht: |
Bologna, Italia
Zanichelli editore
2000
|
| Schlagworte: | |
| Tags: |
Tag hinzufügen
Keine Tags, Fügen Sie den ersten Tag hinzu!
|
MARC
| LEADER | 00000nam a2200000Ia 4500 | ||
|---|---|---|---|
| 008 | 170316s9999 xx 000 0 und d | ||
| 040 | |a cru BVZT | ||
| 090 | |a R-413 Z-1z ITA-ESP | ||
| 100 | |a Zingarelli, Nicola | ||
| 245 | |a Lo Zingarelli minore vocabolario della lingua italiana |c Nicola Zingarelli | ||
| 260 | |a Bologna, Italia | ||
| 260 | |b Zanichelli editore | ||
| 260 | |c 2000 | ||
| 300 | |a 1248 páginas | ||
| 505 | |a Contiene: Guida alla consultazione Indice delle illustrazioni Segni convenzionali di scritura e pronuncia Alfabeto fonetico Abbreviazioni usate nel vocabolario Vocabolario Note d uso e inserti illustrati Accento Atalnte degli animali Elisione e troncamento Femminile Maiuscola Numero Atlante delle piante Punto Sillaba Stereotipo Repertori finali: Single, abreviazioni, simboli Locuzioni italiane Locuzioni latine Proverbi Nomi di persona Luoghi d Italia Abitanyi d Italia Unità di misura Gradi militari Prefissi Suffisi | ||
| 650 | 0 | |a REFERENCIA |9 27 | |
| 650 | 0 | |a DICCIONARIO |9 28 | |
| 650 | 0 | |a ESPAÑOL-ITALIANO |9 39 | |
| 650 | 0 | |a ITALIANO-ESPAÑOL |9 29 | |
| 942 | |c REF |2 z | ||
| 999 | |c 15046 |d 15046 | ||
